Marketing Research and Information 2003-2004
Zapisane w:
| 1. autor: | |
|---|---|
| Format: | Książka |
| Język: | Undetermined |
| Wydane: |
Amsterdam
Butterworth Heinemann
2003
|
| Hasła przedmiotowe: | |
| Etykiety: |
Dodaj etykietę
Nie ma etykietki, Dołącz pierwszą etykiete!
|
| Thư viện lưu trữ: | Trung tâm Học liệu Trường Đại học Cần Thơ |
|---|
| LEADER | 00639nam a2200205Ia 4500 | ||
|---|---|---|---|
| 001 | CTU_94368 | ||
| 008 | 210402s9999 xx 000 0 und d | ||
| 020 | |c 14.65 | ||
| 082 | |a 658.8 | ||
| 082 | |b H842 | ||
| 100 | |a Housden, Matthew | ||
| 245 | 0 | |a Marketing Research and Information 2003-2004 | |
| 245 | 0 | |c Matthew Housden | |
| 260 | |a Amsterdam | ||
| 260 | |b Butterworth Heinemann | ||
| 260 | |c 2003 | ||
| 650 | |a Marketing,Marketing research,Information storage and retrieval systems.,Management information systems | ||
| 650 | |x Management,Marketing | ||
| 904 | |i Trúc | ||
| 980 | |a Trung tâm Học liệu Trường Đại học Cần Thơ | ||